00416nam a2200157Ia 45000010006000000050017000060080041000230410008000640820016000721000036000882450073001242600009001973000036002066500008002426540008002501367920260306164819.0260306t2021||||xx |||||||||||||| ||spa|| aESP a005.13bD35 aDe Brouwer, Philippe J. S.eAUT 4aThe big R-book:bfrom data science to learning machines and big data c2021 axxxiii, 892 páginas :c28 cm. aGEN aCCC